Les vies des hommes illustres. (Record no. 162321)

MARC details
000 -LEADER
campo de control de longitud fija 01251nam a22003375i 4500
001 - NÚMERO DE CONTROL
campo de control 162321
003 - IDENTIFICADOR DE NÚMERO DE CONTROL
campo de control ES-MaACL
005 - FECHA Y HORA DE LA ÚLTIMA TRANSACCIÓN
campo de control 20250725063229.0
008 - DATOS DE LONGITUD FIJA--INFORMACIÓN GENERAL
campo de control de longitud fija 041111s1803 fr ac |||| | fre d
040 ## - FUENTE DE CATALOGACIÓN
Centro catalogador/agencia de origen CAM
Lengua de catalogación spa
Centro/agencia transcriptor CAM
080 ## - NÚMERO DE LA CLASIFICACIÓN DECIMAL UNIVERSAL
Número de la Clasificación Decimal Universal 929(37)
080 ## - NÚMERO DE LA CLASIFICACIÓN DECIMAL UNIVERSAL
Número de la Clasificación Decimal Universal 929(38)
100 0# - ENTRADA PRINCIPAL--NOMBRE DE PERSONA
Nombre de persona Plutarco
Término indicativo de función/relación Autor
9 (RLIN) 92678
245 14 - MENCIÓN DEL TÍTULO
Título Les vies des hommes illustres.
Número de parte o sección de la obra Tome quatrième /
Mención de responsabilidad, etc. de Plutarque ; traduites en françois, avec des remarques historiques et critiques, par M. Dacier.
250 ## - MENCION DE EDICION
Mención de edición Nouv. éd., rev. et corr.
260 ## - PUBLICACIÓN, DISTRIBUCIÓN, ETC.
Lugar de publicación, distribución, etc. A Lyon :
Nombre del editor, distribuidor, etc. chez Amable Leroy,
Fecha de publicación, distribución, etc. 1803.
300 ## - DESCRIPCIÓN FÍSICA
Extensión [4], 388 páginas, [1] hoja de lámina ;
Dimensiones 17 cm.
505 0# - NOTA DE CONTENIDO CON FORMATO
Nota de contenido con formato Timoléon; Paul Emile; Pélopidas; Marcellus
597 ## - NOTA DE DESCRIPCIÓN FÍSICA
NOTA DE DESCRIPCIÓN FÍSICA Sign.: []2, A-Q12s, R2.
597 ## - NOTA DE DESCRIPCIÓN FÍSICA
NOTA DE DESCRIPCIÓN FÍSICA Antep.
599 ## - NOTA A LAS ILUSTRACIONES
NOTA A LAS ILUSTRACIONES Lámina de grab. xil.: retrato de Marcelo
600 14 - PUNTO DE ACCESO ADICIONAL DE MATERIA--NOMBRE DE PERSONA
Nombre de persona Timoleon
9 (RLIN) 133254
600 14 - PUNTO DE ACCESO ADICIONAL DE MATERIA--NOMBRE DE PERSONA
Nombre de persona Emilio, Paulo
9 (RLIN) 126931
600 17 - PUNTO DE ACCESO ADICIONAL DE MATERIA--NOMBRE DE PERSONA
Nombre de persona Pelópidas
Fuente del encabezamiento o término embne
9 (RLIN) 130967
600 14 - PUNTO DE ACCESO ADICIONAL DE MATERIA--NOMBRE DE PERSONA
Nombre de persona Claudio Marcelo, Marco
9 (RLIN) 129444
700 1# - ENTRADA AGREGADA--NOMBRE PERSONAL
Nombre de persona Dacier, André,
Fechas asociadas al nombre 1651-1722
Término indicativo de función/relación Traductor
9 (RLIN) 126689
852 ## - LOCALIZACIÓN
Ubicación ES-MaACL
Ubicación en estantería Depósito Z
Marcas de propiedad Ex-libris ms. de Juan Antonio Posse, cura de San Andrés
Número de control de estantería Z-256
Encuadernación Pasta española
942 ## - ELEMENTOS DE ENTRADA SECUNDARIOS (KOHA)
Fuente del sistema de clasificación o colocación Clasificación decimal universal
Tipo de ítem Koha Libro impreso antiguo
Suprimir en OPAC No
Holdings
Estatus retirado Estado de pérdida Estado de daño No para préstamo Colección Biblioteca de origen Biblioteca actual Ubicación en estantería Fecha de adquisición Total de préstamos Signatura topográfica completa Código de barras Visto por última vez Precio de reemplazo Tipo de ítem Koha
        Libros del s. XIX Biblioteca del Ateneo de Madrid Biblioteca del Ateneo de Madrid Depósito Z 17/01/2008   Z-256 1170054 23/02/2023 23/02/2023 Libro impreso antiguo